000 00745nam a2200205 a 4500
003 0
005 20250424142537.0
008 050808s19uu xx 00 eng d
050 _aPHS RL 87.H65
_b.L83 2005
100 _aLucaylucay, Maicha M.
245 _aEffects of honey facial scrub on skin problems /
_cMaicha M. Lucaylucay.
260 _aLas PiƱas City, Philippines :
_bSouthville International School and Colleges,
_c2005.
300 _a48 pages :
_billustrations ;
_c28 cm.
504 _aIncludes bibliographical references.
650 _2Library of Congress Subject Headings
_aHoney
_xTherapeutic use.
650 _aSkin
_xEffect of natural products on.
650 _aSkin
_xCare and hygiene.
942 _2lcc
_cPASS
999 _c97268
_d97268